The Parables of The Qur'an (Record no. 352101)

000 -LEADER
fixed length control field 00480nam a22001817a 4500
003 - CONTROL NUMBER IDENTIFIER
control field OSt
005 - DATE AND TIME OF LATEST TRANSACTION
control field 20180116183107.0
008 - FIXED-LENGTH DATA ELEMENTS--GENERAL INFORMATION
fixed length control field 171010b xxu||||| |||| 00| 0 eng d
020 ## - INTERNATIONAL STANDARD BOOK NUMBER
International Standard Book Number 9695190421
040 ## - CATALOGING SOURCE
Transcribing agency 0
082 ## - DEWEY DECIMAL CLASSIFICATION NUMBER
Classification number 297.12203 QUR
100 ## - MAIN ENTRY--PERSONAL NAME
Personal name Ahmad Hasan Qurashi
245 ## - TITLE STATEMENT
Title The Parables of The Qur'an
Statement of responsibility, etc. Ahmad Hasan Qurashi
260 ## - PUBLICATION, DISTRIBUTION, ETC.
Place of publication, distribution, etc. lahore
Name of publisher, distributor, etc. Suhail Academy Lahore
Date of publication, distribution, etc. 2002
300 ## - PHYSICAL DESCRIPTION
Extent 311p.
Other physical details HB
440 ## - SERIES STATEMENT/ADDED ENTRY--TITLE
Title The Parables of The Qur'an
942 ## - ADDED ENTRY ELEMENTS (KOHA)
Source of classification or shelving scheme
Koha item type Book
Holdings
Withdrawn status Lost status Source of classification or shelving scheme Damaged status Not for loan Collection code Permanent Location Current Location Shelving location Date acquired Total Checkouts Total Renewals Full call number Barcode Date last seen Date last checked out Price effective from Koha item type
            NUST Law School (NLS) NUST Law School (NLS) General Stacks 10/10/2017 2 3 297.12203 QUR NBSD-1402 12/17/2025 10/23/2025 10/10/2017 Book
© 2023 Central Library, National University of Sciences and Technology. All Rights Reserved.